1646 1879 1953 1497 1006 1439 1645 1380 1601 1693 1904 1935 1685 1090 1256 1366 1381 1750 1207 1412 1673 1141 1602 1064 1943 1949 1124 1303 1737 1503 1336 1895 1112 1049 1892 1534 1314 1882 1196 1118 1703 1986 1952 1637 1683 1680 1008 1735 1219 1441 1247 1674 1650 1477 1501 1986 1663 1032 1259 1302 1809 1961 1557 1940 1479 1887 1355 1287 1116 1852 1359 1822 1807 1637 1523 1008 1923 1150 1664 1255 1470 1869 1702 1831 1920 1435 1518 1302 1111 1392 1879 1967 1369 1280 1205 1175 1677 1500 1201 BCNSPRNW ULIB Ver.6.0+V

เปลี่ยนเป็นภาษาไทย

Change to English
 แสดงรายละเอียดบรรณานุกรม
  กลับหน้าหลัก

Brief Record : Get Marc (ISO 2709) : E-mail record : QR code < ปิดหน้าต่าง
LEADER : 00000nam 2200000uu 4500
001    13399111906
003     ULIB
008    110712s2553||||th 000 0 tha d
020    9746435469(ล.1)
060  4 WY106^bม246อ ล1
110 1  มหาวิทยาลัยสุโขทัยธรรมาธิราช^bสาขาวิชาพยาบาลศาสตร์
245 00 เอกสารการสอนชุดวิชา การพยาบาลชุมชนและการรักษาพยาบาลเบื้องต้น หน่วยที่1-7=^bCommunity nursing and primary medical care/^cมหาวิทยาลัยสุโขทัยธรรมาธิราช
246 0  Community nursing and primary medical care
250    พิมพ์ครั้งที่ 11
260    นนทบุรี:^bศูนย์หนังสือมหาวิทยาลัยสุโขทัยธรรมาธิราช,^c2553
300    600 หน้า
945    ^p245^l0^i030798
945    ^p245^l0^i030799
945    ^p245^l0^i030800
995    กัณชพร
999    ^aใช้งานได้ทุกระบบ
รายการนี้ยังไม่มีแท็ก
คุณยังไม่ได้ล็อกอิน คุณสามารถมีกิจกรรมร่วมกับเว็บไซต์ได้ แต่ต้องล็อกอินก่อน ::
  ล็อกอิน

รายการสื่อสารสนเทศ

ลำดับที่ ประเภท เลขเรียก/บาร์โค้ด สถานที่ สถานะ
1. วิทยาศาสตร์การแพทย์ และสุขภาพ
วิทยาศาสตร์การแพทย์ และสุขภาพ
WY106 ม246อ ล1 ฉ.3 
  Barcode: 030798
ห้องสมุดวิทยาเขตสวรรค์ประชารักษ์
►ส่วนจัดเก็บหนังสือเก่า สปร
บนชั้น
  ขอยืม
2. วิทยาศาสตร์การแพทย์ และสุขภาพ
วิทยาศาสตร์การแพทย์ และสุขภาพ
WY106 ม246อ ล1 ฉ.4 
  Barcode: 030799
ห้องสมุดวิทยาเขตสวรรค์ประชารักษ์
►ส่วนจัดเก็บหนังสือเก่า สปร
บนชั้น
  ขอยืม
3. วิทยาศาสตร์การแพทย์ และสุขภาพ
วิทยาศาสตร์การแพทย์ และสุขภาพ
WY106 ม246อ ล1 ฉ.5 
  Barcode: 030800
ห้องสมุดวิทยาเขตสวรรค์ประชารักษ์
►ส่วนจัดเก็บหนังสือเก่า สปร
บนชั้น
  ขอยืม

BibComment


ยังไม่เคยถูกคอมเมนท์

คอมเมนท์ทรัพยากรรายการนี้
  คอมเมนท์: เอกสารการสอนชุดวิ..


 Copyright 2026. Bcnsprnw @Library